000 00707nam a2200181Ia 4500
003 GCL
008 140319s9999 xx 000 0 ara d
040 _aGCL /
_cGCL
082 0 4 _a321.856
_bس ش
100 1 _aسليمان نصيرات
245 1 0 _aالشخصية الاردنية بين البعد الوطنى والبعد القومى: فى الطريق الى اردن ديمقراطى ومشروع نهضوى عربى /
_cسليمان نصيرات
300 _a446 ص
490 _aمنشورات وزارة الثقافة
_v0
650 0 4 _aالايدلوجيا السياسية
650 0 4 _aالسياسة - الاردن
650 0 4 _aالديمقراطية - الاردن
942 _2ddc
_cBK
999 _c49768
_d49768